Welcome to CU Library Online Public Access Catalogue (OPAC)

MEDIAWAVES (Record no. 2332)

MARC details
000 -LEADER
fixed length control field 00416nam a22001457a 4500
005 - DATE AND TIME OF LATEST TRANSACTION
control field 20241216184213.0
008 - FIXED-LENGTH DATA ELEMENTS--GENERAL INFORMATION
fixed length control field 241216b |||||||| |||| 00| 0 eng d
020 ## - INTERNATIONAL STANDARD BOOK NUMBER
International Standard Book Number 9780070180116
050 ## - LIBRARY OF CONGRESS CALL NUMBER
Classification number P 90
Item number RUB
100 ## - MAIN ENTRY--PERSONAL NAME
Personal name RUBINSTEIN, GEOFFREY F.
245 ## - TITLE STATEMENT
Title MEDIAWAVES
Remainder of title AN INTRODUCTION TO MASS COMMUNICATION
Statement of responsibility, etc. GEOFFREY F. RUBINSTEIN
260 ## - PUBLICATION, DISTRIBUTION, ETC.
Place of publication, distribution, etc. BOSTON
Name of publisher, distributor, etc. MCGRAWHILL
Date of publication, distribution, etc. C1998
300 ## - PHYSICAL DESCRIPTION
Extent ix,; 214p
942 ## - ADDED ENTRY ELEMENTS (KOHA)
Source of classification or shelving scheme Library of Congress Classification
Koha item type Books
Suppress in OPAC No
999 ## -
-- 2332
-- 2332
Holdings
Withdrawn status Lost status Source of classification or shelving scheme Damaged status Not for loan Home library Current library Date acquired Total checkouts Full call number Barcode Date last seen Copy number Price effective from Koha item type Collection Shelving location
    Dewey Decimal Classification     Undergraduate Library (Christ Temple) Undergraduate Library (Christ Temple) 12/16/2024   P 90 RUB ulct00000658 12/16/2024 1 12/16/2024 Books    
    Library of Congress Classification     Undergraduate Library (Christ Temple) Undergraduate Library (Christ Temple) 12/17/2024   P90 RUB ulct00000664 12/17/2024 1 12/17/2024 Books Non-fiction General stacks
    Library of Congress Classification     Undergraduate Library (Christ Temple) Undergraduate Library (Christ Temple) 12/17/2024   P90 RUB ulct00000665 12/17/2024 2 12/17/2024 Books Non-fiction General stacks
© 2023-2024 Copyright: Central University Libraries. All Rights Reserved | Created by: Mahone Tech Office